| 000 | 004480000a22001810004500 | ||
|---|---|---|---|
| 003 | MACL | ||
| 005 | 20151017131715.0 | ||
| 008 | 151017b xxu||||| |||| 00| 0 eng d | ||
| 040 |
_aMACL _cMACL |
||
| 041 | _aEnglish | ||
| 082 | _a920/SAS | ||
| 100 |
_aRamanan, Mohan _915659 |
||
| 245 |
_aV S Srinivasa Sastri _bA Study |
||
| 260 |
_bSahitya Akademi _c2007 _aNew Delhi |
||
| 350 | _a130 | ||
| 650 |
_aBiography _915660 |
||
| 942 |
_cBK _k920/SAS _2ddc |
||
| 999 |
_c42307 _d42307 |
||